000
00228nam a2200097Ia 4500
005
20251222114342.0
008
251222s1900||||xx |||||||||||||| ||spa||
082
_a
DVD0080/E11/2006/BR
245
0
_a
Cartas desde Iwo Jima:
942
_c
DVD
999
_c
894
_d
894